01611pab a2200157 454500008004000000100002400040245005100064260000900115300001500124362001200139520120000151650003001351650001801381650001001399773004401409180718b2014 xxu||||| |||| 00| 0 eng d aPrasad, D. Ravindra aWomen empowerment in urban governance in India c2014 ap.426-442. aJul-Sep aIn an urbanising world women constituting half the population have a very limited role in urban governance-policy and decision-making as they are not adequately and appropriately represented in the urban local bodies. The 74th Constitution Amendment Act, 1992 for the first time provided one-third representation to women in urban local self-government institutions. This has raised the question as to what key role they could play in urban governance. This article examines the role of women mayors, chairpersons and councillors in city's development and local governance. It argues that there is no difference between men and women mayors, chairpersons and councillors as regards their formal roles. There are areas, however, where women can play a catalytic role in promoting the causes of social development including women and child development. The number of women in the council though critical is not sufficient enough to neither impact the policies and decisions nor empower women. It requires capacity enhancement to build awareness, training, sharpening their skills, motivation and building confidence, and to engage in general and gender-based urban governance issues. - Reproduced. aUrban development - India aWomen - India aWomen aIndian Journal of Public Administration